NBA PPG, APG and RPG Leaders (2010-2025) - Statistics

General Stats
  • This quiz has been taken 261 times
  • The average score is 372 of 450
Answer Stats
Category Year Rank Team Position Average Answer % Correct
PPG 2010-11 1. OKC SF 27.7 Kevin Durant
98%
PPG 2011-12 1. OKC SF 28.0 Kevin Durant
98%
PPG 2012-13 2. OKC SF 28.1 Kevin Durant
98%
PPG 2013-14 1. OKC SF 32.0 Kevin Durant
98%
PPG 2015-16 3. OKC SF 28.2 Kevin Durant
98%
PPG 2017-18 6. GSW SF 26.4 Kevin Durant
98%
PPG 2018-19 8. GSW SF 26.0 Kevin Durant
98%
PPG 2023-24 5. PHX SF 27.1 Kevin Durant
98%
PPG 2024-25 6. PHX SF 26.6 Kevin Durant
98%
PPG 2010-11 2. MIA SF 26.7 LeBron James
98%
PPG 2011-12 3. MIA SF 27.1 LeBron James
98%
PPG 2012-13 4. MIA SF 26.8 LeBron James
98%
PPG 2013-14 3. MIA SF 27.1 LeBron James
98%
APG 2013-14 10. MIA SF 6.3 LeBron James
98%
PPG 2014-15 3. CLE SF 25.3 LeBron James
98%
APG 2014-15 7. CLE SF 7.4 LeBron James
98%
PPG 2015-16 5. CLE SF 25.3 LeBron James
98%
APG 2015-16 9. CLE SF 6.8 LeBron James
98%
PPG 2016-17 8. CLE SF 26.4 LeBron James
98%
APG 2016-17 6. CLE SF 8.7 LeBron James
98%
PPG 2017-18 3. CLE SF 27.5 LeBron James
98%
APG 2017-18 2. CLE SF 9.1 LeBron James
98%
APG 2019-20 1. LAL SF 10.2 LeBron James
98%
APG 2023-24 5. LAL SF 8.3 LeBron James
98%
APG 2024-25 6. LAL SF 8.2 LeBron James
98%
APG 2010-11 9. OKC PG 8.2 Russell Westbrook
98%
PPG 2011-12 5. OKC PG 23.6 Russell Westbrook
98%
PPG 2012-13 6. OKC PG 23.2 Russell Westbrook
98%
APG 2012-13 7. OKC PG 7.4 Russell Westbrook
98%
PPG 2014-15 1. OKC PG 28.1 Russell Westbrook
98%
APG 2014-15 4. OKC PG 8.6 Russell Westbrook
98%
PPG 2015-16 8. OKC PG 23.5 Russell Westbrook
98%
APG 2015-16 2. OKC PG 10.4 Russell Westbrook
98%
PPG 2016-17 1. OKC PG 31.6 Russell Westbrook
98%
APG 2016-17 3. OKC PG 10.4 Russell Westbrook
98%
RPG 2016-17 10. OKC PG 10.7 Russell Westbrook
98%
PPG 2017-18 7. OKC PG 25.4 Russell Westbrook
98%
APG 2017-18 1. OKC PG 10.2 Russell Westbrook
98%
RPG 2017-18 10. OKC PG 10.1 Russell Westbrook
98%
APG 2018-19 1. OKC PG 10.7 Russell Westbrook
98%
RPG 2018-19 10. OKC PG 11.1 Russell Westbrook
98%
PPG 2019-20 7. HOU PG 27.2 Russell Westbrook
98%
APG 2020-21 1. WAS PG 11.7 Russell Westbrook
98%
RPG 2020-21 6. WAS PG 11.5 Russell Westbrook
98%
APG 2022-23 8. LAL/LAC PG 7.5 Russell Westbrook
98%
PPG 2012-13 7. GSW PG 22.9 Stephen Curry
98%
PPG 2013-14 7. GSW PG 24.0 Stephen Curry
98%
APG 2013-14 5. GSW PG 8.5 Stephen Curry
98%
PPG 2014-15 6. GSW PG 23.8 Stephen Curry
98%
APG 2014-15 6. GSW PG 7.7 Stephen Curry
98%
PPG 2015-16 1. GSW PG 30.1 Stephen Curry
98%
APG 2015-16 10. GSW PG 6.7 Stephen Curry
98%
PPG 2016-17 10. GSW PG 25.3 Stephen Curry
98%
PPG 2018-19 5. GSW PG 27.3 Stephen Curry
98%
PPG 2020-21 1. GSW PG 32.0 Stephen Curry
98%
PPG 2021-22 10. GSW PG 25.5 Stephen Curry
98%
PPG 2023-24 9. GSW PG 26.4 Stephen Curry
98%
PPG 2010-11 4. MIA SG 25.5 Dwayne Wade
97%
PPG 2012-13 8. MIA SG 21.2 Dwayne Wade
97%
PPG 2012-13 5. HOU SG 25.9 James Harden
97%
PPG 2013-14 5. HOU SG 25.4 James Harden
97%
PPG 2014-15 2. HOU SG 27.4 James Harden
97%
APG 2014-15 9. HOU SG 7.0 James Harden
97%
PPG 2015-16 2. HOU SG 29.0 James Harden
97%
APG 2015-16 6. HOU SG 7.5 James Harden
97%
PPG 2016-17 2. HOU SG 29.1 James Harden
97%
APG 2016-17 1. HOU SG 11.2 James Harden
97%
PPG 2017-18 1. HOU SG 30.4 James Harden
97%
APG 2017-18 3. HOU SG 8.8 James Harden
97%
PPG 2018-19 1. HOU SG 36.1 James Harden
97%
APG 2018-19 7. HOU SG 7.5 James Harden
97%
PPG 2019-20 1. HOU SG 34.3 James Harden
97%
APG 2019-20 7. HOU SG 7.5 James Harden
97%
APG 2021-22 2. BRK/PHI SG 10.3 James Harden
97%
APG 2022-23 1. PHI SG 10.7 James Harden
97%
APG 2023-24 4. LAC SG 8.5 James Harden
97%
APG 2024-25 5. LAC SG 8.7 James Harden
97%
PPG 2010-11 5. LAL SG 25.3 Kobe Bryant
97%
PPG 2011-12 2. LAL SG 27.9 Kobe Bryant
97%
PPG 2012-13 3. LAL SG 27.3 Kobe Bryant
97%
PPG 2017-18 5. MIL PF 26.9 Giannis Antetokounmpo
96%
PPG 2018-19 3. MIL PF 27.7 Giannis Antetokounmpo
96%
RPG 2018-19 6. MIL PF 12.5 Giannis Antetokounmpo
96%
PPG 2019-20 5. MIL PF 29.5 Giannis Antetokounmpo
96%
RPG 2019-20 2. MIL PF 13.6 Giannis Antetokounmpo
96%
PPG 2020-21 5. MIL PF 28.1 Giannis Antetokounmpo
96%
RPG 2020-21 8. MIL PF 11.0 Giannis Antetokounmpo
96%
PPG 2021-22 2. MIL PF 29.9 Giannis Antetokounmpo
96%
RPG 2021-22 6. MIL PF 11.6 Giannis Antetokounmpo
96%
PPG 2022-23 5. MIL PF 31.1 Giannis Antetokounmpo
96%
RPG 2022-23 3. MIL PF 11.8 Giannis Antetokounmpo
96%
PPG 2023-24 2. MIL PF 30.4 Giannis Antetokounmpo
96%
RPG 2023-24 6. MIL PF 11.5 Giannis Antetokounmpo
96%
PPG 2024-25 2. MIL PF 30.4 Giannis Antetokounmpo
96%
RPG 2024-25 6. MIL PF 11.9 Giannis Antetokounmpo
96%
RPG 2023-24 5. DET C 11.6 Jalen Duren
96%
RPG 2024-25 8. DET C 10.3 Jalen Duren
96%
PPG 2022-23 4. OKC PG 31.4 Shai Gilgeous-Alexander
96%
PPG 2023-24 3. OKC PG 30.1 Shai Gilgeous-Alexander
96%
PPG 2024-25 1. OKC PG 32.7 Shai Gilgeous-Alexander
96%
APG 2010-11 4. NOH PG 9.8 Chris Paul
95%
APG 2011-12 3. LAC PG 9.1 Chris Paul
95%
APG 2012-13 2. LAC PG 9.7 Chris Paul
95%
APG 2013-14 1. LAC PG 10.7 Chris Paul
95%
APG 2014-15 1. LAC PG 10.2 Chris Paul
95%
APG 2015-16 4. LAC PG 10.0 Chris Paul
95%
APG 2016-17 4. LAC PG 9.2 Chris Paul
95%
APG 2017-18 6. HOU PG 7.9 Chris Paul
95%
APG 2018-19 3. HOU PG 8.2 Chris Paul
95%
APG 2020-21 3. PHX PG 8.9 Chris Paul
95%
APG 2021-22 1. PHX PG 10.8 Chris Paul
95%
APG 2022-23 4. PHX PG 8.9 Chris Paul
95%
APG 2024-25 7. SAS PG 7.4 Chris Paul
95%
PPG 2015-16 6. POR PG 25.1 Damian Lillard
95%
APG 2015-16 8. POR PG 6.8 Damian Lillard
95%
PPG 2016-17 6. POR PG 27.0 Damian Lillard
95%
PPG 2017-18 4. POR PG 26.9 Damian Lillard
95%
APG 2017-18 10. POR PG 6.6 Damian Lillard
95%
PPG 2018-19 9. POR PG 25.8 Damian Lillard
95%
PPG 2019-20 3. POR PG 30.0 Damian Lillard
95%
APG 2019-20 5. POR PG 8.0 Damian Lillard
95%
PPG 2020-21 3. POR PG 28.8 Damian Lillard
95%
APG 2020-21 7. POR PG 7.5 Damian Lillard
95%
PPG 2022-23 3. POR PG 32.2 Damian Lillard
95%
APG 2022-23 10. POR PG 7.3 Damian Lillard
95%
APG 2023-24 10. MIL PG 7.0 Damian Lillard
95%
PPG 2024-25 10. MIL PG 24.9 Damian Lillard
95%
APG 2024-25 10. MIL PG 7.1 Damian Lillard
95%
PPG 2016-17 9. SAS SF 25.5 Kawhi Leonard
95%
PPG 2018-19 6. TOR SF 26.6 Kawhi Leonard
95%
PPG 2019-20 8. LAC SF 27.1 Kawhi Leonard
95%
PPG 2019-20 6. DAL PG 28.8 Luka Doncic
95%
APG 2019-20 3. DAL PG 8.8 Luka Doncic
95%
PPG 2020-21 6. DAL PG 27.7 Luka Doncic
95%
APG 2020-21 5. DAL PG 8.6 Luka Doncic
95%
PPG 2021-22 3. DAL PG 28.4 Luka Doncic
95%
APG 2021-22 5. DAL PG 8.7 Luka Doncic
95%
PPG 2022-23 2. DAL PG 32.4 Luka Doncic
95%
APG 2022-23 6. DAL PG 8.0 Luka Doncic
95%
PPG 2023-24 1. DAL PG 33.9 Luka Doncic
95%
APG 2023-24 2. DAL PG 9.8 Luka Doncic
95%
RPG 2017-18 9. DEN C 10.7 Nikola Jokic
95%
APG 2018-19 9. DEN C 7.2 Nikola Jokic
95%
APG 2020-21 6. DEN C 8.3 Nikola Jokic
95%
RPG 2020-21 9. DEN C 10.8 Nikola Jokic
95%
PPG 2021-22 6. DEN C 27.1 Nikola Jokic
95%
APG 2021-22 8. DEN C 7.9 Nikola Jokic
95%
RPG 2021-22 2. DEN C 13.8 Nikola Jokic
95%
RPG 2021-22 8. CHI C 11.0 Nikola Jokic
95%
APG 2022-23 3. DEN C 9.8 Nikola Jokic
95%
RPG 2022-23 2. DEN C 11.8 Nikola Jokic
95%
PPG 2023-24 10. DEN C 26.4 Nikola Jokic
95%
APG 2023-24 3. DEN C 9.0 Nikola Jokic
95%
RPG 2023-24 4. DEN C 12.4 Nikola Jokic
95%
PPG 2024-25 3. DEN C 29.6 Nikola Jokic
95%
APG 2024-25 2. DEN C 10.2 Nikola Jokic
95%
RPG 2024-25 3. DEN C 12.7 Nikola Jokic
95%
PPG 2014-15 4. NOP PF 24.4 Anthony Davis
94%
RPG 2014-15 8. NOP PF 10.2 Anthony Davis
94%
PPG 2015-16 7. NOP PF 24.3 Anthony Davis
94%
RPG 2015-16 9. NOP PF 10.3 Anthony Davis
94%
PPG 2016-17 4. NOP PF 28.0 Anthony Davis
94%
RPG 2016-17 7. NOP PF 11.8 Anthony Davis
94%
PPG 2017-18 2. NOP PF 28.1 Anthony Davis
94%
RPG 2017-18 5. NOP PF 11.1 Anthony Davis
94%
PPG 2019-20 10. LAL C 26.1 Anthony Davis
94%
RPG 2023-24 3. LAL PF 12.6 Anthony Davis
94%
PPG 2021-22 7. BOS SF 26.9 Jayson Tatum
94%
PPG 2022-23 6. BOS SF 30.1 Jayson Tatum
94%
PPG 2023-24 7. BOS SF 26.9 Jayson Tatum
94%
PPG 2024-25 5. BOS SF 26.8 Jayson Tatum
94%
RPG 2017-18 7. PHI C 11.0 Joel Embiid
94%
PPG 2018-19 4. PHI C 27.5 Joel Embiid
94%
RPG 2018-19 2. PHI C 13.6 Joel Embiid
94%
PPG 2020-21 4. PHI C 28.5 Joel Embiid
94%
RPG 2020-21 10. PHI C 10.6 Joel Embiid
94%
PPG 2021-22 1. PHI C 30.6 Joel Embiid
94%
RPG 2021-22 5. PHI C 11.7 Joel Embiid
94%
PPG 2022-23 1. PHI C 33.1 Joel Embiid
94%
RPG 2022-23 8. PHI C 10.2 Joel Embiid
94%
APG 2018-19 4. ATL PG 8.1 Trae Young
94%
PPG 2019-20 4. ATL PG 29.6 Trae Young
94%
APG 2019-20 2. ATL PG 9.3 Trae Young
94%
APG 2020-21 2. ATL PG 9.4 Trae Young
94%
PPG 2021-22 4. ATL PG 28.4 Trae Young
94%
APG 2021-22 3. ATL PG 9.7 Trae Young
94%
PPG 2022-23 10. ATL PG 26.2 Trae Young
94%
APG 2022-23 2. ATL PG 10.2 Trae Young
94%
APG 2024-25 1. ATL PG 11.6 Trae Young
94%
PPG 2013-14 10. TOR SG 22.7 DeMar DeRozan
93%
PPG 2015-16 9. TOR SG 23.5 DeMar DeRozan
93%
PPG 2016-17 5. TOR SG 27.3 DeMar DeRozan
93%
PPG 2021-22 5. CHI SG 27.9 DeMar DeRozan
93%
PPG 2018-19 7. PHX SG 26.6 Devin Booker
93%
PPG 2019-20 9. PHX SG 26.6 Devin Booker
93%
PPG 2021-22 8. PHX SG 26.8 Devin Booker
93%
PPG 2023-24 6. PHX SG 27.1 Devin Booker
93%
PPG 2024-25 9. PHX SG 25.6 Devin Booker
93%
PPG 2010-11 10. DAL PF 23.0 Dirk Nowitzki
93%
PPG 2011-12 8. DAL PF 21.6 Dirk Nowitzki
93%
PPG 2020-21 10. UTA SG 26.4 Donovan Mitchell
93%
PPG 2021-22 9. UTA SG 25.9 Donovan Mitchell
93%
PPG 2022-23 7. CLE SG 28.3 Donovan Mitchell
93%
PPG 2023-24 4. NYK PG 28.7 Jalen Brunson
93%
PPG 2024-25 8. NYK PG 26.0 Jalen Brunson
93%
APG 2024-25 8. NYK PG 7.3 Jalen Brunson
93%
PPG 2014-15 10. GSW SG 21.7 Klay Thompson
93%
PPG 2014-15 9. CLE PG 21.7 Kyrie Irving
93%
PPG 2017-18 8. BOS PG 24.4 Kyrie Irving
93%
PPG 2020-21 9. BRK PG 26.9 Kyrie Irving
93%
PPG 2022-23 8. BRK/DAL PG 27.1 Kyrie Irving
93%
APG 2023-24 8. DET PG 7.5 Cade Cunningham
92%
PPG 2024-25 7. DET PG 26.1 Cade Cunningham
92%
APG 2024-25 4. DET PG 9.1 Cade Cunningham
92%
PPG 2010-11 3. DEN/NYK SF 25.6 Carmelo Anthony
92%
PPG 2011-12 6. NYK SF 22.6 Carmelo Anthony
92%
PPG 2012-13 1. NYK SF 28.7 Carmelo Anthony
92%
PPG 2013-14 2. NYK SF 27.4 Carmelo Anthony
92%
APG 2018-19 8. SAC PG 7.3 De'Aaron Fox
92%
APG 2020-21 9. SAC PG 7.2 De'Aaron Fox
92%
PPG 2023-24 8. SAC PG 26.6 De'Aaron Fox
92%
PPG 2022-23 9. BOS SG 26.6 Jaylen Brown
92%
RPG 2019-20 9. CLE C 10.1 Tristan Thompson
92%
PPG 2024-25 4. MIN SG 27.6 Anthony Edwards
91%
PPG 2019-20 2. WAS SG 30.5 Bradley Beal
91%
PPG 2020-21 2. WAS SG 31.3 Bradley Beal
91%
PPG 2010-11 7. CHI PG 25.0 Derrick Rose
91%
APG 2010-11 10. CHI PG 7.7 Derrick Rose
91%
RPG 2019-20 5. IND C 12.4 Domantas Sabonis
91%
RPG 2020-21 4. IND C 12.0 Domantas Sabonis
91%
RPG 2021-22 3. IND/SAC C 12.1 Domantas Sabonis
91%
RPG 2022-23 1. SAC C 12.3 Domantas Sabonis
91%
APG 2023-24 6. SAC C 8.2 Domantas Sabonis
91%
RPG 2023-24 1. SAC C 13.7 Domantas Sabonis
91%
RPG 2024-25 1. SAC C 13.9 Domantas Sabonis
91%
APG 2015-16 7. GSW PF 7.4 Draymond Green
91%
APG 2016-17 9. GSW PF 7.0 Draymond Green
91%
APG 2017-18 7. GSW PF 7.3 Draymond Green
91%
APG 2020-21 4. GSW PF 8.9 Draymond Green
91%
APG 2021-22 7. SAC/IND PG 8.2 Tyrese Haliburton
91%
APG 2023-24 1. IND PG 10.9 Tyrese Haliburton
91%
APG 2024-25 3. IND PG 9.2 Tyrese Haliburton
91%
RPG 2015-16 8. MIN C 10.5 Karl-Anthony Towns
90%
RPG 2016-17 6. MIN C 12.3 Karl-Anthony Towns
90%
RPG 2017-18 4. MIN C 12.3 Karl-Anthony Towns
90%
RPG 2018-19 7. MIN C 12.4 Karl-Anthony Towns
90%
RPG 2024-25 2. NYK C 12.8 Karl-Anthony Towns
90%
PPG 2015-16 10. IND SF 23.1 Paul George
90%
PPG 2018-19 2. OKC SF 28.0 Paul George
90%
RPG 2015-16 7. UTA C 11.0 Rudy Gobert
90%
RPG 2016-17 4. UTA C 12.8 Rudy Gobert
90%
RPG 2018-19 4. UTA C 12.9 Rudy Gobert
90%
RPG 2019-20 4. UTA C 13.5 Rudy Gobert
90%
RPG 2020-21 2. UTA C 13.5 Rudy Gobert
90%
RPG 2021-22 1. UTA C 14.7 Rudy Gobert
90%
RPG 2022-23 4. MIN C 11.6 Rudy Gobert
90%
RPG 2023-24 2. MIN C 12.9 Rudy Gobert
90%
RPG 2024-25 7. MIN C 10.9 Rudy Gobert
90%
PPG 2020-21 8. NOP PF 27.0 Zion Williamson
89%
APG 2019-20 10. MEM PG 7.3 Ja Morant
87%
APG 2020-21 8. MEM PG 7.4 Ja Morant
87%
APG 2022-23 5. MEM PG 8.1 Ja Morant
87%
APG 2010-11 1. PHX PG 11.4 Steve Nash
87%
APG 2011-12 2. PHX PG 10.7 Steve Nash
87%
PPG 2020-21 7. CHI SG 27.4 Zach LaVine
87%
APG 2010-11 3. UTA/NJN PG 10.3 Deron Williams
85%
PPG 2011-12 9. NJN PG 21.0 Deron Williams
85%
APG 2011-12 5. NJN PG 8.7 Deron Williams
85%
APG 2012-13 5. BRK PG 7.7 Deron Williams
85%
APG 2013-14 7. TOR PG 7.4 Kyle Lowry
85%
APG 2014-15 10. TOR PG 6.8 Kyle Lowry
85%
APG 2016-17 10. TOR PG 7.0 Kyle Lowry
85%
APG 2017-18 9. TOR PG 6.9 Kyle Lowry
85%
APG 2018-19 2. TOR PG 8.7 Kyle Lowry
85%
APG 2019-20 9. TOR PG 7.5 Kyle Lowry
85%
APG 2021-22 10. MIA PG 7.5 Kyle Lowry
85%
RPG 2010-11 4. LAC PF 12.1 Blake Griffin
84%
PPG 2011-12 10. LAC PF 20.7 Blake Griffin
84%
RPG 2011-12 6. LAC PF 10.9 Blake Griffin
84%
PPG 2013-14 6. LAC PF 24.1 Blake Griffin
84%
PPG 2014-15 8. LAC PF 21.9 Blake Griffin
84%
PPG 2016-17 3. BOS PG 28.9 Isaiah Thomas
84%
APG 2021-22 6. CLE PG 8.6 Darius Garland
83%
APG 2022-23 7. CLE PG 7.8 Darius Garland
83%
APG 2020-21 10. MIA SG 7.1 Jimmy Butler
83%
APG 2021-22 9. CHO PG 7.6 LaMelo Ball
83%
RPG 2011-12 4. SAC C 11.0 DeMarcus Cousins
82%
RPG 2012-13 9. SAC C 9.9 DeMarcus Cousins
82%
PPG 2013-14 9. SAC C 22.7 DeMarcus Cousins
82%
RPG 2013-14 5. SAC C 11.7 DeMarcus Cousins
82%
PPG 2014-15 5. SAC C 24.1 DeMarcus Cousins
82%
RPG 2014-15 3. SAC C 12.7 DeMarcus Cousins
82%
PPG 2015-16 4. SAC C 26.9 DeMarcus Cousins
82%
RPG 2015-16 5. SAC C 11.5 DeMarcus Cousins
82%
PPG 2016-17 7. SAC C 27.0 DeMarcus Cousins
82%
RPG 2016-17 9. SAC/NOP C 11.0 DeMarcus Cousins
82%
RPG 2010-11 1. MIN PF 15.2 Kevin Love
82%
PPG 2011-12 4. MIN PF 26.0 Kevin Love
82%
RPG 2011-12 2. MIN PF 13.3 Kevin Love
82%
PPG 2013-14 4. MIN PF 26.1 Kevin Love
82%
RPG 2013-14 3. MIN PF 12.5 Kevin Love
82%
RPG 2016-17 8. CLE PF 11.1 Kevin Love
82%
RPG 2023-24 8. SAS C 10.6 Victor Wembanyama
82%
RPG 2023-24 10. CLE C 10.5 Jarrett Allen
81%
APG 2010-11 7. WAS PG 8.3 John Wall
81%
APG 2011-12 7. WAS PG 8.0 John Wall
81%
APG 2013-14 2. WAS PG 8.8 John Wall
81%
APG 2014-15 2. WAS PG 10.0 John Wall
81%
APG 2015-16 3. WAS PG 10.2 John Wall
81%
APG 2016-17 2. WAS PG 10.7 John Wall
81%
APG 2010-11 8. DAL PG 8.2 Jason Kidd
80%
APG 2010-11 2. BOS PG 11.2 Rajon Rondo
80%
APG 2011-12 1. BOS PG 11.7 Rajon Rondo
80%
APG 2012-13 1. BOS PG 11.1 Rajon Rondo
80%
APG 2014-15 5. BOS/DAL PG 7.9 Rajon Rondo
80%
APG 2015-16 1. SAC PG 11.7 Rajon Rondo
80%
APG 2017-18 4. NOP PG 8.2 Rajon Rondo
80%
RPG 2010-11 2. ORL C 14.1 Dwight Howard
79%
RPG 2011-12 1. ORL C 14.5 Dwight Howard
79%
RPG 2012-13 1. LAL C 12.4 Dwight Howard
79%
RPG 2013-14 4. HOU C 12.2 Dwight Howard
79%
RPG 2015-16 4. HOU C 11.8 Dwight Howard
79%
RPG 2016-17 5. ATL C 12.7 Dwight Howard
79%
RPG 2017-18 3. CHO C 12.5 Dwight Howard
79%
PPG 2018-19 10. CHO PG 25.6 Kemba Walker
79%
RPG 2024-25 4. LAC C 12.6 Ivica Zubac
78%
PPG 2011-12 7. POR PF 21.7 LaMarcus Aldridge
78%
PPG 2012-13 9. POR PF 21.1 LaMarcus Aldridge
78%
PPG 2013-14 8. POR PF 23.2 LaMarcus Aldridge
78%
RPG 2013-14 7. POR PF 11.1 LaMarcus Aldridge
78%
PPG 2014-15 7. POR PF 23.4 LaMarcus Aldridge
78%
RPG 2014-15 9. POR PF 10.2 LaMarcus Aldridge
78%
PPG 2017-18 9. SAS PF 23.1 LaMarcus Aldridge
78%
RPG 2010-11 6. LAL PF 10.2 Pau Gasol
78%
RPG 2011-12 7. LAL PF 10.4 Pau Gasol
78%
RPG 2014-15 4. CHI PF 11.8 Pau Gasol
78%
RPG 2015-16 6. CHI PF 11.0 Pau Gasol
78%
RPG 2017-18 8. HOU C 10.8 Clint Capela
77%
RPG 2018-19 5. HOU C 12.7 Clint Capela
77%
RPG 2020-21 1. ATL C 14.3 Clint Capela
77%
RPG 2021-22 4. ATL C 11.9 Clint Capela
77%
RPG 2022-23 5. ATL C 11.0 Clint Capela
77%
RPG 2023-24 9. ATL C 10.6 Clint Capela
77%
APG 2012-13 4. PHI PG 8.0 Jrue Holiday
77%
APG 2016-17 8. NOP PG 7.3 Jrue Holiday
77%
APG 2018-19 5. NOP PG 7.7 Jrue Holiday
77%
APG 2022-23 9. MIL PG 7.4 Jrue Holiday
77%
RPG 2012-13 2. ORL C 11.9 Nikola Vucevic
77%
RPG 2014-15 6. ORL C 10.9 Nikola Vucevic
77%
RPG 2018-19 8. ORL C 12.0 Nikola Vucevic
77%
RPG 2019-20 7. ORL C 10.9 Nikola Vucevic
77%
RPG 2020-21 5. ORL/CHI C 11.7 Nikola Vucevic
77%
RPG 2022-23 6. CHI C 11.0 Nikola Vucevic
77%
RPG 2024-25 10. CHI C 10.1 Nikola Vucevic
77%
RPG 2024-25 9. HOU C 10.3 Alperen Sengün
76%
RPG 2013-14 1. LAC C 13.6 DeAndre Jordan
76%
RPG 2014-15 1. LAC C 15.0 DeAndre Jordan
76%
RPG 2015-16 2. LAC C 13.8 DeAndre Jordan
76%
RPG 2016-17 3. LAC C 13.8 DeAndre Jordan
76%
RPG 2017-18 2. LAC C 15.2 DeAndre Jordan
76%
RPG 2018-19 3. DAL/NYK C 13.1 DeAndre Jordan
76%
RPG 2019-20 10. BRK C 10.0 DeAndre Jordan
76%
PPG 2012-13 10. BRK C 19.4 Brook Lopez
72%
APG 2024-25 9. CHI PG 7.2 Josh Giddey
71%
APG 2011-12 8. SAS PG 7.7 Tony Parker
71%
APG 2012-13 6. SAS PG 7.6 Tony Parker
71%
RPG 2015-16 10. LAL PF 10.2 Julius Randle
70%
RPG 2022-23 9. NYK PF 10.0 Julius Randle
70%
RPG 2013-14 2. DET C 13.2 Andre Drummond
69%
RPG 2014-15 2. DET C 13.5 Andre Drummond
69%
RPG 2015-16 1. DET C 14.8 Andre Drummond
69%
RPG 2016-17 2. DET C 13.8 Andre Drummond
69%
RPG 2017-18 1. DET C 16.0 Andre Drummond
69%
RPG 2018-19 1. DET C 15.6 Andre Drummond
69%
RPG 2019-20 1. DET/CLE C 15.2 Andre Drummond
69%
RPG 2021-22 10. PHX C 10.2 Deandre Ayton
69%
RPG 2022-23 10. PHX C 10.0 Deandre Ayton
69%
PPG 2010-11 6. NYK C 25.3 Amar'e Stoudemire
68%
RPG 2019-20 8. MIA C 10.2 Bam Adebayo
68%
APG 2023-24 7. HOU PG 8.1 Fred VanVleet
68%
RPG 2023-24 7. PHX C 11.0 Jusuf Nurkic
68%
RPG 2021-22 9. ORL C 10.5 Wendell Carter Jr.
67%
RPG 2011-12 10. CHI C 9.8 Joakim Noah
66%
RPG 2013-14 6. CHI C 11.2 Joakim Noah
66%
APG 2017-18 5. PHI PG 8.2 Ben Simmons
64%
APG 2018-19 6. PHI PG 7.7 Ben Simmons
64%
APG 2019-20 6. PHI PG 8.0 Ben Simmons
64%
PPG 2017-18 10. IND SG 23.1 Victor Oladipo
64%
APG 2021-22 4. SAS PG 9.2 Dejounte Murray
63%
RPG 2024-25 5. UTA C 12.2 Walker Kessler
61%
RPG 2010-11 3. MEM PF 12.2 Zach Randolph
60%
RPG 2012-13 4. MEM PF 11.2 Zach Randolph
60%
RPG 2013-14 9. MEM PF 10.1 Zach Randolph
60%
RPG 2014-15 7. MEM PF 10.5 Zach Randolph
60%
RPG 2019-20 6. MEM C 11.3 Jonas Valanciunas
59%
RPG 2020-21 3. MEM C 12.5 Jonas Valanciunas
59%
RPG 2021-22 7. NOP C 11.4 Jonas Valanciunas
59%
RPG 2022-23 7. NOP C 10.2 Jonas Valanciunas
59%
PPG 2010-11 8. GSW SG 24.1 Monta Ellis
58%
RPG 2010-11 10. DAL C 9.4 Tyson Chandler
55%
RPG 2011-12 9. NYK C 9.9 Tyson Chandler
55%
RPG 2014-15 5. DAL C 11.5 Tyson Chandler
55%
RPG 2015-16 3. MIA C 11.8 Hassan Whiteside
53%
RPG 2016-17 1. MIA C 14.1 Hassan Whiteside
53%
RPG 2018-19 9. MIA C 11.3 Hassan Whiteside
53%
RPG 2019-20 3. POR C 13.5 Hassan Whiteside
53%
APG 2018-19 10. BRK PG 7.0 D'Angelo Russell
51%
APG 2011-12 6. MIN PG 8.2 Ricky Rubio
51%
APG 2012-13 10. MIN PG 7.3 Ricky Rubio
51%
APG 2013-14 4. MIN PG 8.6 Ricky Rubio
51%
APG 2015-16 5. MIN PG 8.7 Ricky Rubio
51%
APG 2016-17 5. MIN PG 9.1 Ricky Rubio
51%
APG 2019-20 4. PHX PG 8.8 Ricky Rubio
51%
RPG 2012-13 8. ATL C 10.2 Al Horford
49%
RPG 2013-14 10. GSW C 10.0 Andrew Bogut
48%
APG 2013-14 9. ATL PG 6.7 Jeff Teague
46%
APG 2014-15 8. ATL PG 7.0 Jeff Teague
46%
APG 2016-17 7. IND PG 7.8 Jeff Teague
46%
APG 2017-18 8. MIN PG 7.0 Jeff Teague
46%
APG 2023-24 9. WAS PG 7.3 Tyus Jones
46%
RPG 2011-12 3. LAL C 11.8 Andrew Bynum
43%
RPG 2010-11 7. GSW C 9.8 David Lee
38%
RPG 2012-13 5. GSW C 11.2 David Lee
38%
APG 2012-13 8. PHX PG 7.4 Goran Dragic
36%
RPG 2010-11 8. UTA C 9.7 Al Jefferson
35%
RPG 2013-14 8. CHA C 10.8 Al Jefferson
35%
APG 2011-12 10. DEN PG 6.6 Ty Lawson
35%
APG 2013-14 3. DEN PG 8.8 Ty Lawson
35%
APG 2014-15 3. DEN PG 9.6 Ty Lawson
35%
RPG 2012-13 10. CHI PF 9.8 Carlos Boozer
33%
APG 2011-12 9. DEN PG 6.7 Andre Miller
31%
APG 2012-13 9. ORL PG 7.4 Jameer Nelson
29%
APG 2013-14 8. ORL PG 7.0 Jameer Nelson
29%
PPG 2010-11 9. HOU SG 23.4 Kevin Martin
29%
APG 2010-11 5. TOR PG 8.9 José Calderón
24%
APG 2011-12 4. TOR PG 8.8 José Calderón
24%
RPG 2020-21 7. POR C 11.0 Enes Freedom
18%
RPG 2017-18 6. NYK C 11.0 Enes Kanter
18%
RPG 2014-15 10. DET PF 10.2 Greg Monroe
17%
APG 2010-11 6. NYK/DEN PG 8.3 Raymond Felton
17%
APG 2019-20 8. CHO PG 7.5 Devonte' Graham
16%
RPG 2011-12 8. PHX C 10.0 Marcin Gortat
16%
RPG 2010-11 9. NOH C 9.5 Emeka Okafor
14%
APG 2013-14 6. DET PG 7.6 Brandon Jennings
13%
RPG 2012-13 6. BRK PF 11.1 Reggie Evans
13%
RPG 2010-11 5. NJN PF 10.4 Kris Humphries
10%
RPG 2011-12 5. NJN PF 11.0 Kris Humphries
10%
APG 2012-13 3. NOH PG 9.0 Greivis Vásquez
9%
RPG 2012-13 3. HOU C 11.7 Omer Asik
9%
RPG 2012-13 7. POR C 10.3 JJ Hickson
3%
No matching quizzes found
Score Distribution
Percent of People with Each Score
Percentile by Number Answered
Your Score History
You have not taken this quiz